[Event "Asia-ch U20"]
[Site "Sharjah"]
[Date "2013.04.01"]
[Round "4"]
[White "Abdel Rabb, Raouf"]
[Black "Chahrour, Ibrahim"]
[Result "1-0"]
[WhiteElo "2036"]
[BlackElo "1974"]
[PlyCount "53"]
[EventDate "2013.03.30"]
[EventType "swiss"]
[EventRounds "9"]
[EventCountry "UAE"]
[SourceTitle "CBM 153 Extra"]
[Source "ChessBase"]
[SourceDate "2013.04.22"]
[SourceVersion "1"]
[SourceVersionDate "2013.04.22"]
[SourceQuality "1"]

1. e4 c5 2. Nf3 Nc6 3. d3 d6 4. g3 g6 5. Bg2 Bg7 6. 0-0 e5 7. c3 Nge7 8. a3 a5 9. a4 0-0 10. Na3 h6 11. Nb5 Be6 12. Nd2 f5 13. f4 exf4 14. gxf4 d5 15. e5 g5 16. d4 c4 17. fxg5 hxg5 18. Nf3 g4 19. Ng5 Bc8 20. h3 Qb6 21. Kh2 Nd8 22. Nd6 Ne6 23. hxg4 f4 24. Nh3 Ng6 25. Bxd5 Nxe5 26. dxe5 Bxe5 27. Nxc4 1-0

[Event "Asia-ch U20"]
[Site "Sharjah"]
[Date "2013.04.01"]
[Round "3"]
[White "Ali, Rashid Ghanem"]
[Black "Abdel Rabb, Raouf"]
[Result "1/2-1/2"]
[WhiteElo "1741"]
[BlackElo "2036"]
[PlyCount "124"]
[EventDate "2013.03.30"]
[EventType "swiss"]
[EventRounds "9"]
[EventCountry "UAE"]
[SourceTitle "CBM 153 Extra"]
[Source "ChessBase"]
[SourceDate "2013.04.22"]
[SourceVersion "1"]
[SourceVersionDate "2013.04.22"]
[SourceQuality "1"]

1. d4 d5 2. Nf3 Nf6 3. c4 e6 4. g3 dxc4 5. Bg2 c5 6. Qa4+ Bd7 7. Qxc4 Nc6 8. 0-0 b5 9. Qc3 Rc8 10. Bg5 Be7 11. dxc5 0-0 12. Rd1 Ne4 13. Qd3 Nxc5 14. Bxe7 Qxe7 15. Qd6 Qxd6 16. Rxd6 Rfd8 17. Nc3 b4 18. Nb5 Na5 19. a4 a6 20. Nbd4 Nc4 21. Rxd7 Rxd7 22. b3 e5 23. Bh3 exd4 24. Bxd7 Nxd7 25. bxc4 Rxc4 26. Rd1 Kf8 27. Nxd4 Nc5 28. Nc6 f6 29. Rd8+ Kf7 30. Rb8 Nd7 31. Rb7 Rxc6 32. Rxd7+ Ke6 33. Rb7 a5 34. Rb5 Ra6 35. Kf1 Kd6 36. Ke1 Kc6 37. Kd2 Ra8 38. Kc2 Re8 39. e3 Re5 40. Rb8 Rc5+ 41. Kb2 Kd5 42. f3 Kc4 43. Rd8 Rd5 44. Rc8+ Kd3 45. Rb8 Kxe3 46. Rb5 Kd4 47. Rb7 Rh5 48. h4 g6 49. Re7 Re5 50. Rd7+ Ke3 51. Rxh7 Kxf3 52. Rh6 Re2+ 53. Kb1 Re3 54. Rxg6 Rb3+ 55. Kc2 Ra3 56. h5 Rxa4 57. Kb2 b3 58. h6 Ra2+ 59. Kxb3 Rh2 60. Rxf6+ Kxg3 61. Ra6 Kg4 62. Rxa5 Rxh6 1/2-1/2

[Event "Arab-ch U18"]
[Site "Abu Dhabi"]
[Date "2007.08.05"]
[Round "5"]
[White "Haidar, Hashem Ali"]
[Black "Abdel Rabb, Raouf"]
[Result "0-1"]
[WhiteElo "1908"]
[BlackElo "2030"]
[PlyCount "58"]
[EventDate "2007.08.01"]
[EventType "swiss"]
[EventRounds "9"]
[EventCountry "UAE"]
[SourceTitle "EXT 2010"]
[Source "ChessBase"]
[SourceDate "2010.11.25"]
[SourceVersion "1"]
[SourceVersionDate "2010.11.25"]
[SourceQuality "1"]

1. d4 Nf6 2. c4 g6 3. Nc3 Bg7 4. e4 d6 5. f3 0-0 6. Be3 e5 7. d5 c6 8. Bd3 cxd5 9. cxd5 Nh5 10. Nge2 f5 11. exf5 gxf5 12. 0-0 Nd7 13. Rc1 Nc5 14. Bb1 a5 15. Qd2 Bd7 16. f4 e4 17. Bd4 Qh4 18. Bxg7 Kxg7 19. Nd4 Rf6 20. Qf2 Qg4 21. Nd1 Kh8 22. Ne3 Qg6 23. Nc4 Rg8 24. g3 Qg7 25. Nxd6 Rxd6 26. Rxc5 Rg6 27. Ne2 Qxb2 28. Rxa5 Bb5 29. Re1 Bxe2 0-1